000
00252nam a2200097Ia 4500
001
817805
005
20250826171741.0
008
250824s9999 xx 000 0 und d
245
0
_a
ÇOCUKLARLA OYNADIĞI OYUNLAR
_c
MUSA MERT
260
_b
KAYALIPARK YAYINLARI
999
_c
817805
_d
817805